000 00596nam a2200205 i 4500
001 65037
003 ES-MaACL
005 20250830220940.0
007 t|
008 040108s1920 fr ||||1| fre d
100 1 _aFrank, Waldo.
_952316
245 1 0 _aNotre Amerique /
_cWaldo Frank ; traduction de H. Boussinesq.
250 _a2eme ed.
260 _aParis :
_b[s.n.],
_c1920 (
_eArgentenil :
_fimpr. Coulouma)
300 _a326 p. ;
_c19 cm.
651 4 _aEstados Unidos-
_xCivilización
_98535
700 1 _aBoussinesq, H.
_931043
852 _aES-MaACL
_jF-10093
999 _c65037
_d65037